Aspectos teóricos: tema 1

Na minha lista:
Detalhes bibliográficos
Formato: Texto
Publicado em: San José :
Tags: Adicionar Tag
Sem tags, seja o primeiro a adicionar uma tag!

MARC

LEADER 00000 a a2200000 04500
001 17809
003
040
090 |a 003600  
245 |a Aspectos teóricos: tema 1  
260 |a San José :  
300 |a 19 p.  
999 |c 14417  |d 14417